000 00257nam a2200109Ia 4500
008 190216s9999||||xx |||||||||||||| ||und||
100 _aBrahma Dav M A
245 0 _aHindi-Badelok Badi Bathmem
260 _bRajeeva Prakashan
650 _aHindi
942 _cBK
999 _c15263
_d15263